00516cam a22001815a 450000500170000000800410001701000140005802000250007203500130009703700150011004000180012508200080014310000210015124500600017226000310023227000430026330000280030620081020032651.0081003s2008 ii ab | b 001 0beng  aENG-92626 a9788190466837c85.00 aEN-76159 bDBAD / PUB adplbEnglish  a921 aJesudasan, Usha  aBrokenness:cby Usha Jesudasan bas a way of blessing / aChennaibICSA Books c2008 a107, Pantheon Road, bChennai e600008 aviii, 85p. c22cm (pbk)